000 00623cam a22002052 4500
001 0000001560
005 20151217155811.0
008 070315s xx 000 0 eng d
040 _aKABU
_cKABU
050 0 _aDT431
_b.M37
100 1 _aMarsh, Zoe.
_@0000150404
245 1 3 _aAn Introduction to the history of East Africa /
_cby Zoe Marsh and G. W. Kingsnorth.
260 _aCambridge :
_bCUP,
_c1957.
300 _axx, 263 p.
651 0 _aAfrica, East
_xHistory.
_@0000149488
700 1 _aKingsnorth, G. W.
_@0000150405
908 _a070315
950 _@1
999 _c12608
_d12608